The Revelation of Jesus Christ. (Record no. 6218)

000 -LEADER
fixed length control field 00668nam a2200193 a 4500
001 - CONTROL NUMBER
control field :::00003961$&:&@@
003 - CONTROL NUMBER IDENTIFIER
control field OkBaRHE
005 - DATE AND TIME OF LATEST TRANSACTION
control field 20000607103315.0
008 - FIXED-LENGTH DATA ELEMENTS--GENERAL INFORMATION
fixed length control field s1966 j 000 0 eng u
040 ## - CATALOGING SOURCE
Transcribing agency
100 1# - MAIN ENTRY--PERSONAL NAME
Personal name Walvoord, John F.
245 14 - TITLE STATEMENT
Title The Revelation of Jesus Christ.
260 ## - PUBLICATION, DISTRIBUTION, ETC. (IMPRINT)
Place of publication, distribution, etc Chicago, IL., :
Name of publisher, distributor, etc Moody Press
Date of publication, distribution, etc c1966
300 ## - PHYSICAL DESCRIPTION
Extent 350 p. ;
Dimensions 24 cm.
650 ## - SUBJECT ADDED ENTRY--TOPICAL TERM
Topical term or geographic name as entry element Bible New Testament Revelation
General subdivision Commentaries
942 ## - ADDED ENTRY ELEMENTS (KOHA)
Source of classification or shelving scheme
Koha item type Books
Copies
Damaged status Full call number Koha item type Barcode Date last seen Price effective from Source of classification or shelving scheme Withdrawn status Permanent Location Copy number Date acquired Lost status Shelving location Not for loan
 BS 2825.3 .W33Books39612018-04-032010-04-14  RHEMA Bible Training College12010-04-14 General Stacks 
 BS 2825.3 .W33Books158462018-04-032010-04-14  RHEMA Bible Training College22010-04-14 General Stacks